Länder, die Papua-Neuguinea am nächsten liegen - Statistiken

Allgemein
  • Dieses Quiz wurde 164 mal gespielt
  • Das Durchschnittsergebnis liegt bei 17 aus 20
Antwortstatistiken
km Land % Korrekt
4 Australien
100%
0 Indonesien
100%
3472 Neuseeland
98%
1953 Philippinen
92%
2565 Malaysia
91%
1263 Palau
91%
514 Mikronesien
88%
1485 Vanuatu
88%
2518 Fidschi
86%
3578 Samoa
86%
1392 Nauru
85%
2226 Tuvalu
85%
5 Salomonen
84%
1875 Marshallinseln
82%
1506 Timor-Leste
82%
1636 Kiribati
80%
2950 Brunei
78%
3249 Tonga
78%
3469 Japan
64%
3454 Taiwan
63%
Keine übereinstimmenden Quizze gefunden
Verteilung der Resultate
Anzahl Personen mit jedem Resultat
Perzentil nach korrekt beantworteten Fragen
Ihre Resultats-Entwicklung
Sie haben dieses Quiz noch nicht gespielt